Textbook on spherical astronomy (Record no. 15110)

MARC details
000 -LEADER
fixed length control field 00650nam a2200217Ia 4500
003 - CONTROL NUMBER IDENTIFIER
control field IN-BaIIA
008 - FIXED-LENGTH DATA ELEMENTS--GENERAL INFORMATION
fixed length control field 211028s9999 xx 000 0 eng d
020 ## - INTERNATIONAL STANDARD BOOK NUMBER
International Standard Book Number 0-521-29180-1
040 ## - CATALOGING SOURCE
Transcribing agency IIA Library
080 ## - UNIVERSAL DECIMAL CLASSIFICATION NUMBER
Universal Decimal Classification number 521.9
Item number SMA
100 ## - MAIN ENTRY--PERSONAL NAME
Personal name Smart, W. M.
9 (RLIN) 1092
245 #0 - TITLE STATEMENT
Title Textbook on spherical astronomy
Statement of responsibility, etc. W. M. Smart
250 ## - EDITION STATEMENT
Edition statement 6th ed.
260 ## - PUBLICATION, DISTRIBUTION, ETC.
Place of publication, distribution, etc. Cambridge
Name of publisher, distributor, etc. Cambridge University Press
Date of publication, distribution, etc. 1977
300 ## - PHYSICAL DESCRIPTION
Extent 431p.
650 ## - SUBJECT ADDED ENTRY--TOPICAL TERM
Topical term or geographic name entry element Occultations and Eclipses
9 (RLIN) 27568
650 ## - SUBJECT ADDED ENTRY--TOPICAL TERM
Topical term or geographic name entry element Parallox
9 (RLIN) 27569
650 ## - SUBJECT ADDED ENTRY--TOPICAL TERM
Topical term or geographic name entry element Spherical Trignometry
9 (RLIN) 1682
650 ## - SUBJECT ADDED ENTRY--TOPICAL TERM
Topical term or geographic name entry element The Celestial Sphere
9 (RLIN) 27570
942 ## - ADDED ENTRY ELEMENTS (KOHA)
Koha item type Books
Holdings
Withdrawn status Lost status Damaged status Not for loan Home library Current library Shelving location Date acquired Source of acquisition Cost, normal purchase price Total Checkouts Full call number Barcode Date last seen Cost, replacement price Price effective from Koha item type Purchase Price
        IIA Library-Bangalore IIA Library-Hosakote General Stacks 16/06/2003 EDS 2448.01   521.9/ SMA 16032 05/11/2021 2448.01 16/06/2003 Books Rs. 2448.01

Powered by Koha